000 00543nam a2200193Ia 4500
005 20250508153314.0
008 008 250505s9999 xx 000 0 eng d
037 _aTextual
040 _aFEDL
_beng
_cFEDL
041 _aeng
_2eng
084 _a378.73, AME
_qFEDL
100 _aBrumbaugh A J Ed.
_992686
245 0 _aAmerican universities and colleges
250 _a5th
260 _aWashington, USA
_bAmerican Council on Education
_c1948
300 _a1054p.
942 _cTEXL
_h378.73, AME
999 _c1341879
_d1341879